000 01689nam a2200445 c 4500
001 20269
003 ES-MaCES
005 20160607104550.0
008 070702s2007 sp d t o000 | spa d
017 _aM 30550-2007
_bDL
035 _aCES20070008109m
040 _aES-MaCES
_bspa
_cES-MaCES
245 0 0 _aEconomía, trabajo y sociedad
_b: memoria sobre la situación socioeconómica y laboral : España 2006 : edición resumida
_c[Consejo Económico y Social]
250 _a1ª ed
260 _aMadrid
_bCES
_c2007
300 _a98 p.
_c24 cm
490 1 _aColección Memorias (Consejo Económico y Social)
500 _aMemoria aprobada en la sesión ordinaria del Pleno del Consejo Económico y Social celebrada el 31 de mayo de 2007
500 _aPubl. simultáneamente en inglés, francés y árabe
541 _cGratuito
650 4 _aeconomía
_926781
650 4 _acondiciones económicas
_927081
650 4 _atrabajo
_928289
650 4 _acondiciones de trabajo
_928327
650 4 _asociedad
_927269
650 4 _acondiciones sociales
_930469
650 4 _acondiciones de vida
_927111
650 4 _aEspaña
_926964
650 4 _a2006
_931838
650 4 _ainforme
_928986
653 1 0 _aCondiciones económicas
710 2 _aConsejo Económico y Social (España)
_92408
775 0 _tEconomía, trabajo y sociedad
_w(ES-MaCES)21301
787 0 _tEconomía, trabajo y sociedad
_w(ES-MaCES)21301
787 0 _tEconomía, trabajo y sociedad
_w(ES-MaCES)19169
830 0 _aColección Memorias (Consejo Económico y Social (España))
_932359
902 _aDOC Literatura gris
942 _2CES
_cBK
_h0.0.
999 _c20269
_d20269